| 000 | 00000nas##2200000za#4500 |
| 001 | 9.504460 |
| 003 | CaOODSP |
| 005 | 20210615082312 |
| 007 | cr ||||||||||| |
| 008 | 150406c1999||||xxc|| m o||||f| |0eng|d |
| 022 | |a1925-0649 |
| 040 | |aCaOODSP|beng |
| 043 | |an-cn--- |
| 086 | 1 |aH113-5E-PDF |
| 110 | 1 |aCanada. |bPest Management Regulatory Agency. |
| 245 | 10|aRe-evaluation note |h[electronic resource] |
| 260 | |aOttawa - Ontario : |bHealth Canada. |c1999--. |
| 310 | |aIrregular |
| 362 | 1 |aREV99-01.-- |
| 500 | |aOther title: Re-evaluation document. |
| 520 | 3 |aDistributed during the various stages of the PMRA Re-evaluation process. |
| 775 | 08|tNote de réévaluation |w(CaOODSP)9.500878 |
| 776 | 0#|tRe-evaluation note |w(CaOODSP)9.514700 |